[Event "Staffordshire Centenary"]
[Site "Walsall"]
[Date "1997.04.02"]
[Round "6"]
[White "Motwani, Paul"]
[Black "Arakhamia-Grant, Ketevan"]
[Result "1-0"]
[WhiteElo "2490"]
[BlackElo "2490"]
[PlyCount "83"]
[EventDate "1997.03.28"]
[EventType "schev"]
[EventRounds "9"]
[EventCountry "ENG"]
[SourceTitle "BritBase"]
[Source "John Saunders"]
[SourceDate "2023.12.16"]
[SourceVersion "1"]
[SourceVersionDate "2023.12.16"]
[SourceQuality "1"]

1. e4 c5 2. Nf3 d6 3. d4 cxd4 4. Nxd4 Nf6 5. Nc3 e6 6. g4 a6 7. g5 Nfd7 8. f4
Nc6 9. Bg2 Qb6 10. Nde2 Qc7 11. b3 b5 12. Bb2 b4 13. Na4 Bb7 14. a3 a5 15. axb4
axb4 16. O-O e5 17. c3 Be7 18. cxb4 Nxb4 19. Qd2 Nc6 20. Nac3 Qb6+ 21. Kh1 Qxb3
22. Rab1 Na5 23. Ng3 O-O 24. Nf5 Qe6 25. Nxg7 Kxg7 26. f5 Qc4 27. f6+ Nxf6 28.
gxf6+ Bxf6 29. Bc1 Be7 30. Rxb7 Nxb7 31. Nd5 Bd8 32. Qh6+ Kg8 33. Rg1 Qd4 34.
Bh3+ Qxg1+ 35. Kxg1 Ra1 36. Bf5 Rxc1+ 37. Qxc1 f6 38. Kf2 Nc5 39. Qh6 Rf7 40.
Ke3 Ba5 41. Nxf6+ Kh8 42. Nxh7 1-0

[Event "Staffordshire Centenary"]
[Site "Walsall"]
[Date "1997.04.02"]
[Round "6"]
[White "Quinn, Mark"]
[Black "Rowson, Jonathan"]
[Result "0-1"]
[WhiteElo "2355"]
[BlackElo "2445"]
[PlyCount "124"]
[EventDate "1997.03.28"]
[EventType "schev"]
[EventRounds "9"]
[EventCountry "ENG"]
[SourceTitle "BritBase"]
[Source "John Saunders"]
[SourceDate "2023.12.16"]
[SourceVersion "1"]
[SourceVersionDate "2023.12.16"]
[SourceQuality "1"]

1. Nf3 Nf6 2. g3 g6 3. Bg2 Bg7 4. O-O O-O 5. d3 d6 6. c4 e5 7. Nc3 c6 8. Rb1 a5
9. a3 Re8 10. e4 h6 11. b4 axb4 12. axb4 d5 13. Qc2 Nbd7 14. c5 Nf8 15. Re1 Bg4
16. h3 Bxf3 17. Bxf3 Ne6 18. Ne2 Qd7 19. Bg2 Rad8 20. Bb2 Ng5 21. Kh2 h5 22.
Rbd1 h4 23. gxh4 Ne6 24. Bf3 d4 25. Bc1 Kh7 26. Rg1 Rh8 27. Rg3 Kg8 28. Bg5 Rf8
29. Bxf6 Bxf6 30. h5 Bh4 31. Rg2 Ng5 32. Ng1 Kg7 33. Qe2 Qe7 34. hxg6 fxg6 35.
Bg4 Qf6 36. f3 Nh7 37. Qc2 Bg5 38. Ra1 Be3 39. Ra7 Rf7 40. Kh1 Ng5 41. Rg3 Rh4
42. Ra1 Qd8 43. Qa4 Bf2 44. Kg2 Bxg3 45. Kxg3 Qf6 46. Qd1 Qf4+ 47. Kg2 Rh8 48.
Qe1 Re7 49. Ra7 Nf7 50. b5 Qf6 51. b6 Nh6 52. Ra2 Rf7 53. Qg3 Nxg4 54. hxg4 Qe7
55. Ra5 g5 56. Qe1 Kg6 57. Qg3 Rfh7 58. Ne2 Qf6 59. Ng1 Qe7 60. Ne2 Rh1 61. Ng1
Qh7 62. Kf1 Qf7 0-1

[Event "Staffordshire Centenary"]
[Site "Walsall"]
[Date "1997.04.02"]
[Round "6"]
[White "Richardson, John R"]
[Black "Buckley, Graeme N"]
[Result "0-1"]
[WhiteElo "2360"]
[BlackElo "2320"]
[PlyCount "98"]
[EventDate "1997.03.28"]
[EventType "schev"]
[EventRounds "9"]
[EventCountry "ENG"]
[SourceTitle "BritBase"]
[Source "John Saunders"]
[SourceDate "2023.12.16"]
[SourceVersion "1"]
[SourceVersionDate "2023.12.16"]
[SourceQuality "1"]

1. d4 f5 2. g3 Nf6 3. Bg2 e6 4. c4 c6 5. Nh3 Be7 6. O-O O-O 7. Nf4 d6 8. Nd3 d5
9. c5 b6 10. Qc2 bxc5 11. Nxc5 Qb6 12. a3 Bxc5 13. dxc5 Qb5 14. a4 Qb7 15. Bf4
Re8 16. Bd6 e5 17. a5 Qf7 18. Nc3 Qh5 19. b4 a6 20. Qb3 Be6 21. Na4 f4 22. gxf4
e4 23. Qg3 Nbd7 24. e3 h6 25. Nc3 Kh7 26. f3 Bf5 27. Kh1 Nf8 28. Bxf8 Rxf8 29.
fxe4 dxe4 30. Rfd1 Rad8 31. h3 Qf7 32. Qe1 Qb3 33. Rdb1 Qe6 34. Kh2 Rd3 35. Rd1
Rfd8 36. Ne2 Qc4 37. Nd4 R8xd4 38. exd4 Qxd4 39. Bf1 Qb2+ 40. Kh1 Rd5 41. Qe2
Qc3 42. Rac1 Qg3 43. Qg2 Qh4 44. Kh2 Ng4+ 45. Kg1 Ne3 46. Rxd5 Nxg2 47. Rxf5
Ne3 48. Rf8 Qg3+ 49. Kh1 Qf2 0-1

[Event "Staffordshire Centenary"]
[Site "Walsall"]
[Date "1997.04.03"]
[Round "7"]
[White "Anderton, David William"]
[Black "Quinn, Mark"]
[Result "0-1"]
[WhiteElo "2200"]
[BlackElo "2355"]
[PlyCount "86"]
[EventDate "1997.03.28"]
[EventType "schev"]
[EventRounds "9"]
[EventCountry "ENG"]
[SourceTitle "BritBase"]
[Source "John Saunders"]
[SourceDate "2023.12.16"]
[SourceVersion "1"]
[SourceVersionDate "2023.12.16"]
[SourceQuality "1"]

1. d4 d6 2. e4 g6 3. Nc3 c6 4. g3 Bg7 5. Bg2 Nd7 6. Nge2 e5 7. Be3 Ngf6 8. h3
Qe7 9. O-O O-O 10. a4 a5 11. Qd2 Re8 12. Bh6 Nb6 13. b3 Be6 14. Bxg7 Kxg7 15.
f4 exf4 16. gxf4 Rad8 17. Ng3 Bc8 18. f5 c5 19. Nce2 cxd4 20. Qxa5 Nbd7 21.
Nxd4 Nc5 22. Qc3 Qe5 23. Rae1 h5 24. h4 Bd7 25. Rf3 Rc8 26. Qd2 Ncxe4 27. Nxe4
Nxe4 28. Rxe4 Qxe4 29. fxg6 Qxg6 30. Qf2 Bg4 31. Rf4 Re5 32. Kh2 d5 33. Bf1 Re4
34. Bd3 Rxf4 35. Qxf4 Qf6 36. Kg3 Qxf4+ 37. Kxf4 Kf6 38. Nb5 b6 39. c4 Bd1 40.
Nd4 dxc4 41. Bxc4 Rg8 42. Ke4 Rg4+ 43. Kd5 Rxh4 0-1

[Event "Staffordshire Centenary"]
[Site "Walsall"]
[Date "1997.04.03"]
[Round "7"]
[White "Arakhamia-Grant, Ketevan"]
[Black "Kelly, Brian R"]
[Result "1-0"]
[WhiteElo "2490"]
[BlackElo "2400"]
[PlyCount "79"]
[EventDate "1997.03.28"]
[EventType "schev"]
[EventRounds "9"]
[EventCountry "ENG"]
[SourceTitle "BritBase"]
[Source "John Saunders"]
[SourceDate "2023.12.16"]
[SourceVersion "1"]
[SourceVersionDate "2023.12.16"]
[SourceQuality "1"]

1. e4 c5 2. Nf3 e6 3. d4 cxd4 4. Nxd4 Nf6 5. Nc3 d6 6. g4 h6 7. h4 Nc6 8. Bg2
Nxd4 9. Qxd4 Nxg4 10. f3 Nf6 11. Be3 a6 12. O-O-O Bd7 13. f4 Bc6 14. Bh3 Qc7
15. Rhg1 b5 16. Rde1 Qb7 17. e5 dxe5 18. fxe5 Nd7 19. Qf4 b4 20. Ne2 Qc7 21.
Bd4 g5 22. Qf2 Be7 23. Ng3 Rf8 24. hxg5 hxg5 25. Bf1 Bd5 26. Kb1 Qc6 27. Bd3
Nc5 28. Nh5 O-O-O 29. Nf6 Bxf6 30. Bxc5 Bg7 31. Bxf8 Bxf8 32. Qxf7 Bc5 33. Rxg5
Qa4 34. b3 Qa3 35. Rg7 Bb6 36. Rf1 Qa5 37. Bc4 Kb8 38. Rd1 Bc7 39. Bxd5 exd5
40. e6 1-0

[Event "Staffordshire Centenary"]
[Site "Walsall"]
[Date "1997.04.03"]
[Round "7"]
[White "Bellin, Jana"]
[Black "Hunt, Harriet V"]
[Result "0-1"]
[WhiteElo "2180"]
[BlackElo "2330"]
[PlyCount "98"]
[EventDate "1997.03.28"]
[EventType "schev"]
[EventRounds "9"]
[EventCountry "ENG"]
[SourceTitle "BritBase"]
[Source "John Saunders"]
[SourceDate "2023.12.16"]
[SourceVersion "1"]
[SourceVersionDate "2023.12.16"]
[SourceQuality "1"]

1. d4 Nf6 2. c4 e6 3. Nf3 b6 4. g3 Ba6 5. Nbd2 Bb7 6. Bg2 c5 7. e4 cxd4 8. O-O
d6 9. Nxd4 Qd7 10. b3 Be7 11. Bb2 O-O 12. Qe2 Rd8 13. Rfe1 Nc6 14. Rad1 Nxd4
15. Bxd4 Qc6 16. Bb2 Rab8 17. Nb1 Ne8 18. Nc3 Bf6 19. Nb5 a6 20. Nd4 Qc5 21.
Qd2 b5 22. cxb5 axb5 23. Rc1 Qb6 24. Nf3 Ra8 25. Bxf6 Nxf6 26. Nd4 h6 27. Rc2
Ra5 28. Qb4 e5 29. Nf5 Qa6 30. h3 Ne8 31. Rec1 Kh7 32. Bf1 Qa8 33. Bd3 Rxa2 34.
Rxa2 Qxa2 35. Qxb5 Qa8 36. Qb4 g6 37. Ne3 Kg7 38. Qa4 Qb8 39. Qb4 Nf6 40. f3 d5
41. exd5 e4 42. Bxe4 Qxg3+ 43. Ng2 Bxd5 44. Bxd5 Rxd5 45. Qf4 Qxh3 46. Ne1 Nh5
47. Qc7 Rg5+ 48. Kf2 Ng3 49. Nd3 Qh2+ 0-1

[Event "Staffordshire Centenary"]
[Site "Walsall"]
[Date "1997.04.03"]
[Round "7"]
[White "Bellin, Robert"]
[Black "Grinsell, Lee A"]
[Result "1-0"]
[WhiteElo "2400"]
[BlackElo "2205"]
[PlyCount "89"]
[EventDate "1997.03.28"]
[EventType "schev"]
[EventRounds "9"]
[EventCountry "ENG"]
[SourceTitle "BritBase"]
[Source "John Saunders"]
[SourceDate "2023.12.16"]
[SourceVersion "1"]
[SourceVersionDate "2023.12.16"]
[SourceQuality "1"]

1. e4 c5 2. Nf3 d6 3. d4 cxd4 4. Nxd4 Nf6 5. Nc3 e6 6. Be2 Be7 7. O-O Nc6 8.
Be3 a6 9. f4 O-O 10. a4 Bd7 11. Nb3 Nb4 12. Bf3 Bc6 13. Nd4 Qc7 14. Qe2 d5 15.
e5 Ne4 16. Kh1 a5 17. Ncb5 Qc8 18. c3 Na6 19. Na7 Qd7 20. Bxe4 dxe4 21. Ndxc6
bxc6 22. Qxa6 c5 23. Qc4 Rxa7 24. Qxe4 Rb7 25. Rad1 Qc7 26. Bc1 Rbb8 27. f5
exf5 28. Qxf5 Rbd8 29. Rxd8 Qxd8 30. Qf3 Qb8 31. Qe2 Qb3 32. Qb5 Qd5 33. Qxa5
Qxe5 34. Qb5 Rd8 35. Qc4 Qh5 36. Bf4 Qg4 37. h3 Qh4 38. Qe2 h6 39. a5 Ra8 40.
Qb5 Bg5 41. Qb7 Rxa5 42. Qxf7+ Kh8 43. Be5 Bf6 44. Qe8+ Kh7 45. Rxf6 1-0

[Event "Staffordshire Centenary"]
[Site "Walsall"]
[Date "1997.04.03"]
[Round "7"]
[White "Buckley, Graeme N"]
[Black "Motwani, Paul"]
[Result "1-0"]
[WhiteElo "2320"]
[BlackElo "2490"]
[PlyCount "73"]
[EventDate "1997.03.28"]
[EventType "schev"]
[EventRounds "9"]
[EventCountry "ENG"]
[SourceTitle "BritBase"]
[Source "John Saunders"]
[SourceDate "2023.12.16"]
[SourceVersion "1"]
[SourceVersionDate "2023.12.16"]
[SourceQuality "1"]

1. d4 Nf6 2. c4 e6 3. Nc3 Bb4 4. e3 c5 5. Bd3 d5 6. cxd5 Nxd5 7. Nge2 cxd4 8.
exd4 Nc6 9. O-O O-O 10. Bc2 Re8 11. Qd3 g6 12. Qf3 Bf8 13. Bb3 Nxc3 14. bxc3
Na5 15. Ng3 Bd7 16. Bc2 Bc6 17. Be4 Rc8 18. Re1 Bd5 19. Nh5 gxh5 20. Bxh7+ Kxh7
21. Qxh5+ Kg8 22. Re3 Bg7 23. Rg3 Qf6 24. Bh6 Qg6 25. Rxg6 fxg6 26. Qxg6 Re7
27. Re1 Rf8 28. Re3 Rf6 29. Qg5 Rxh6 30. Qxe7 Nc6 31. Qe8+ Kh7 32. Rg3 Be4 33.
Qd7 Bg6 34. Qxb7 Na5 35. Qc7 Rh5 36. h4 a6 37. Rg5 1-0

[Event "Staffordshire Centenary"]
[Site "Walsall"]
[Date "1997.04.03"]
[Round "7"]
[White "Dunnington, Angus J"]
[Black "Cooper, Lawrence"]
[Result "1-0"]
[WhiteElo "2445"]
[BlackElo "2365"]
[PlyCount "59"]
[EventDate "1997.03.28"]
[EventType "schev"]
[EventRounds "9"]
[EventCountry "ENG"]
[SourceTitle "BritBase"]
[Source "John Saunders"]
[SourceDate "2023.12.16"]
[SourceVersion "1"]
[SourceVersionDate "2023.12.16"]
[SourceQuality "1"]

1. Nf3 c5 2. g3 Nc6 3. Bg2 g6 4. O-O Bg7 5. c4 Nf6 6. d4 cxd4 7. Nxd4 O-O 8.
Nc3 Nxd4 9. Qxd4 d6 10. Qd3 Nd7 11. b3 a6 12. Bd2 Rb8 13. Rac1 Nc5 14. Qe3 b5
15. b4 Ne6 16. Qa7 Bd7 17. cxb5 axb5 18. Be3 Kh8 19. Rfd1 f5 20. Qa5 Qe8 21.
Ba7 Rc8 22. Nd5 Rxc1 23. Rxc1 Nd4 24. Bxd4 Bxd4 25. e3 Bf6 26. Rc7 Be6 27. Nxf6
exf6 28. Qa7 Rf7 29. Bc6 Qxc6 30. Qb8+ 1-0

[Event "Staffordshire Centenary"]
[Site "Walsall"]
[Date "1997.04.03"]
[Round "7"]
[White "Grant, Jonathan"]
[Black "Arkell, Keith C"]
[Result "0-1"]
[WhiteElo "2275"]
[BlackElo "2545"]
[PlyCount "120"]
[EventDate "1997.03.28"]
[EventType "schev"]
[EventRounds "9"]
[EventCountry "ENG"]
[SourceTitle "BritBase"]
[Source "John Saunders"]
[SourceDate "2023.12.16"]
[SourceVersion "1"]
[SourceVersionDate "2023.12.16"]
[SourceQuality "1"]

1. c4 c5 2. Nc3 Nc6 3. g3 g6 4. Bg2 Bg7 5. e4 a6 6. Nge2 Rb8 7. a4 Nf6 8. d3
O-O 9. O-O d6 10. h3 Ne8 11. Be3 Nd4 12. Rb1 Bd7 13. b4 b6 14. f4 Nc7 15. b5
axb5 16. axb5 Ra8 17. Bxd4 cxd4 18. Nd5 Nxd5 19. exd5 Ra3 20. Kh2 Bf5 21. Rb3
Qa8 22. Nc1 Rxb3 23. Qxb3 Qa5 24. Rf2 Qe1 25. Qc2 Ra8 26. Re2 Qc3 27. g4 Ra1
28. Qxc3 dxc3 29. Rc2 Bd7 30. Na2 Rd1 31. Nxc3 Rxd3 32. Ne2 Ra3 33. Ng3 Bd4 34.
Be4 Be3 35. Ne2 h5 36. gxh5 gxh5 37. Kg2 h4 38. f5 Bc5 39. Rc3 Ra2 40. Kf3 Kg7
41. Rc2 Ra3+ 42. Rc3 Ra4 43. Rc2 Kf6 44. Kf4 e6 45. Bd3 exf5 46. Rc1 Ra3 47.
Rc3 Ra8 48. Rc1 Re8 49. Rf1 Be3+ 50. Kf3 Bg5 51. Nf4 Ra8 52. Re1 Ra3 53. Re3
Kg7 54. Bf1 Ra1 55. Be2 Rg1 56. Nh5+ Kh6 57. Rd3 f4 58. Kf2 Rh1 59. Kg2 Rc1 60.
Rd2 f3+ 0-1

[Event "Staffordshire Centenary"]
[Site "Walsall"]
[Date "1997.04.03"]
[Round "7"]
[White "Rowson, Jonathan"]
[Black "Richardson, John R"]
[Result "1-0"]
[WhiteElo "2445"]
[BlackElo "2360"]
[PlyCount "47"]
[EventDate "1997.03.28"]
[EventType "schev"]
[EventRounds "9"]
[EventCountry "ENG"]
[SourceTitle "BritBase"]
[Source "John Saunders"]
[SourceDate "2023.12.16"]
[SourceVersion "1"]
[SourceVersionDate "2023.12.16"]
[SourceQuality "1"]

1. c4 e6 2. Nc3 Nf6 3. e4 d5 4. e5 d4 5. exf6 dxc3 6. bxc3 Qxf6 7. Nf3 b6 8. d4
Bb7 9. Bd3 Nd7 10. Qe2 Bxf3 11. gxf3 c5 12. Qe4 Rc8 13. Rb1 Qd8 14. h4 Nf6 15.
Qe3 Be7 16. h5 Qd6 17. Ke2 Rd8 18. Bb2 Nd7 19. Rbd1 Bf6 20. Bc2 h6 21. Bc1 Qc7
22. Ba3 cxd4 23. Qxe6+ fxe6 24. Bg6# 1-0

[Event "Staffordshire Centenary"]
[Site "Walsall"]
[Date "1997.04.03"]
[Round "7"]
[White "Sindik, Ervin"]
[Black "Lalic, Bogdan"]
[Result "1/2-1/2"]
[WhiteElo "2325"]
[BlackElo "2585"]
[PlyCount "24"]
[EventDate "1997.03.28"]
[EventType "schev"]
[EventRounds "9"]
[EventCountry "ENG"]
[SourceTitle "BritBase"]
[Source "John Saunders"]
[SourceDate "2023.12.16"]
[SourceVersion "1"]
[SourceVersionDate "2023.12.16"]
[SourceQuality "1"]

1. d4 Nf6 2. c4 e6 3. Nf3 b6 4. g3 Ba6 5. Bg2 c6 6. Nbd2 d5 7. b3 Nbd7 8. Bb2
Be7 9. O-O O-O 10. Qc2 c5 11. Ne5 Rc8 12. Nxd7 Qxd7 1/2-1/2

[Event "Staffordshire Centenary"]
[Site "Walsall"]
[Date "1997.04.04"]
[Round "8"]
[White "Arkell, Keith C"]
[Black "Bellin, Jana"]
[Result "1-0"]
[WhiteElo "2545"]
[BlackElo "2180"]
[PlyCount "147"]
[EventDate "1997.03.28"]
[EventType "schev"]
[EventRounds "9"]
[EventCountry "ENG"]
[SourceTitle "BritBase"]
[Source "John Saunders"]
[SourceDate "2023.12.16"]
[SourceVersion "1"]
[SourceVersionDate "2023.12.16"]
[SourceQuality "1"]

1. d4 Nf6 2. c4 e6 3. Nf3 b6 4. g3 Ba6 5. b3 Bb4+ 6. Bd2 Be7 7. Bc3 c6 8. Nbd2
d5 9. Ne5 Nfd7 10. Nd3 O-O 11. Bg2 Bb7 12. O-O Na6 13. e4 Nc7 14. a4 a5 15. Qe2
c5 16. Rfe1 Re8 17. Rac1 Rc8 18. dxc5 Nxc5 19. Nxc5 Bxc5 20. cxd5 exd5 21. Qg4
Bf8 22. e5 Ne6 23. Nc4 dxc4 24. Bxb7 Rc7 25. Red1 Qe7 26. Bd5 cxb3 27. Bb2 Rc2
28. Rxc2 bxc2 29. Rc1 Rd8 30. Qc4 Qd7 31. Bxe6 Qxe6 32. Rxc2 Bc5 33. Qxe6 fxe6
34. Kf1 Kf7 35. Ke2 Ke7 36. Rc4 Rd5 37. Rh4 h6 38. Rg4 Kf7 39. h4 h5 40. Rf4+
Ke7 41. Bc3 Ke8 42. g4 hxg4 43. Rxg4 Kf7 44. h5 Rd8 45. Rh4 Rd5 46. Rc4 Ke7 47.
f4 Kf7 48. Kf3 Rd3+ 49. Kg4 Bf2 50. f5 exf5+ 51. Kxf5 Rf3+ 52. Ke4 Re3+ 53. Kf4
Rh3 54. Kg5 Rg3+ 55. Kf5 Rf3+ 56. Ke4 Re3+ 57. Kd5 Rd3+ 58. Bd4 Rd1 59. Ke4
Bxd4 60. Rxd4 Rh1 61. Kd5 Ke7 62. Rg4 Rxh5 63. Rxg7+ Kf8 64. Rc7 Rh4 65. Rc4
Rh1 66. Kd6 Rd1+ 67. Ke6 Rh1 68. Rc8+ Kg7 69. Ke7 Re1 70. e6 Rd1 71. Rd8 Re1
72. Rd2 Rf1 73. Kd7 Kf6 74. e7 1-0

[Event "Staffordshire Centenary"]
[Site "Walsall"]
[Date "1997.04.04"]
[Round "8"]
[White "Buckley, Graeme N"]
[Black "Grinsell, Lee A"]
[Result "1-0"]
[WhiteElo "2320"]
[BlackElo "2205"]
[PlyCount "61"]
[EventDate "1997.03.28"]
[EventType "schev"]
[EventRounds "9"]
[EventCountry "ENG"]
[SourceTitle "BritBase"]
[Source "John Saunders"]
[SourceDate "2023.12.16"]
[SourceVersion "1"]
[SourceVersionDate "2023.12.16"]
[SourceQuality "1"]

1. d4 Nf6 2. Bg5 d5 3. Bxf6 exf6 4. e3 c6 5. c4 dxc4 6. Bxc4 Bd6 7. Nc3 O-O 8.
Qc2 Be6 9. Bxe6 fxe6 10. Nf3 Na6 11. O-O Qe7 12. Rac1 Nb4 13. Qb3 Nd5 14. Ne4
Rf7 15. Rfe1 Re8 16. g3 Bb8 17. Nc5 e5 18. e4 Nb6 19. dxe5 fxe5 20. Red1 Qf6
21. Rd3 Kh8 22. a4 Bc7 23. a5 Nc8 24. Nxb7 Ne7 25. Kg2 Rb8 26. a6 Ng6 27. Qc4
c5 28. Rc2 Rbf8 29. Nxc5 Nf4+ 30. gxf4 Qg6+ 31. Kf1 1-0

[Event "Staffordshire Centenary"]
[Site "Walsall"]
[Date "1997.04.04"]
[Round "8"]
[White "Cooper, Lawrence"]
[Black "Sindik, Ervin"]
[Result "1/2-1/2"]
[WhiteElo "2365"]
[BlackElo "2325"]
[PlyCount "21"]
[EventDate "1997.03.28"]
[EventType "schev"]
[EventRounds "9"]
[EventCountry "ENG"]
[SourceTitle "BritBase"]
[Source "John Saunders"]
[SourceDate "2023.12.16"]
[SourceVersion "1"]
[SourceVersionDate "2023.12.16"]
[SourceQuality "1"]

1. d4 Nf6 2. Bg5 e6 3. e3 c5 4. c3 Be7 5. Nd2 cxd4 6. exd4 b5 7. Ngf3 Bb7 8.
Bd3 O-O 9. O-O h6 10. Bxf6 Bxf6 11. Ne4 1/2-1/2

[Event "Staffordshire Centenary"]
[Site "Walsall"]
[Date "1997.04.04"]
[Round "8"]
[White "Grinsell, Lee A"]
[Black "Arakhamia-Grant, Ketevan"]
[Result "0-1"]
[WhiteElo "2205"]
[BlackElo "2490"]
[PlyCount "80"]
[EventDate "1997.03.28"]
[EventType "schev"]
[EventRounds "9"]
[EventCountry "ENG"]
[SourceTitle "BritBase"]
[Source "John Saunders"]
[SourceDate "2023.12.16"]
[SourceVersion "1"]
[SourceVersionDate "2023.12.16"]
[SourceQuality "1"]

1. e4 c5 2. Nf3 Nc6 3. Nc3 e6 4. d4 cxd4 5. Nxd4 d6 6. Be2 Nf6 7. Be3 a6 8. O-O
Be7 9. f4 Qc7 10. Kh1 O-O 11. Qe1 Nxd4 12. Bxd4 b5 13. e5 dxe5 14. fxe5 Nd7 15.
Bd3 Bb7 16. Ne4 Rad8 17. c3 Nxe5 18. Qg3 Rd5 19. Nf6+ Bxf6 20. Rxf6 Qd8 21.
Bxe5 Rxe5 22. Qxe5 Qxf6 23. Qxf6 gxf6 24. Rd1 f5 25. Kg1 Kg7 26. Bc2 Kf6 27.
Kf2 h5 28. g3 h4 29. Rd7 Bd5 30. Ra7 hxg3+ 31. hxg3 Rh8 32. Bb3 Rh2+ 33. Ke3
Bxb3 34. axb3 Rxb2 35. Rxa6 Rxb3 36. Kd4 b4 37. cxb4 Rxb4+ 38. Ke3 Kg5 39. Kf3
Rb3+ 40. Kg2 f4 0-1

[Event "Staffordshire Centenary"]
[Site "Walsall"]
[Date "1997.04.04"]
[Round "8"]
[White "Hunt, Harriet V"]
[Black "Bellin, Robert"]
[Result "1-0"]
[WhiteElo "2330"]
[BlackElo "2400"]
[PlyCount "75"]
[EventDate "1997.03.28"]
[EventType "schev"]
[EventRounds "9"]
[EventCountry "ENG"]
[SourceTitle "BritBase"]
[Source "John Saunders"]
[SourceDate "2023.12.16"]
[SourceVersion "1"]
[SourceVersionDate "2023.12.16"]
[SourceQuality "1"]

1. e4 e5 2. Nf3 Nc6 3. Bb5 f5 4. Nc3 Nd4 5. Bc4 c6 6. d3 Nxf3+ 7. Qxf3 Qf6 8.
Qe2 f4 9. Bd2 d6 10. O-O-O g5 11. f3 Ne7 12. Be1 Ng6 13. Bf2 b5 14. Bb3 b4 15.
Na4 Qe7 16. d4 Bg7 17. d5 c5 18. Bxc5 Rb8 19. Bf2 Qb7 20. c4 bxc3 21. Nxc3 O-O
22. Ba4 Rf7 23. Kb1 Qb4 24. Rc1 Ba6 25. Qd2 Bf6 26. Rc2 Rc7 27. Bc6 Ne7 28.
Rhc1 Bc4 29. Nd1 Nxc6 30. dxc6 Rxc6 31. Qxb4 Rxb4 32. Ka1 d5 33. exd5 Rc8 34.
Be1 Ra4 35. b3 e4+ 36. Nb2 Rb8 37. bxa4 Kf7 38. Bc3 1-0

[Event "Staffordshire Centenary"]
[Site "Walsall"]
[Date "1997.04.04"]
[Round "8"]
[White "Kelly, Brian R"]
[Black "Buckley, Graeme N"]
[Result "1-0"]
[WhiteElo "2400"]
[BlackElo "2320"]
[PlyCount "141"]
[EventDate "1997.03.28"]
[EventType "schev"]
[EventRounds "9"]
[EventCountry "ENG"]
[SourceTitle "BritBase"]
[Source "John Saunders"]
[SourceDate "2023.12.16"]
[SourceVersion "1"]
[SourceVersionDate "2023.12.16"]
[SourceQuality "1"]

1. c4 Nf6 2. Nc3 g6 3. e4 d6 4. d4 Bg7 5. Nf3 O-O 6. Be2 e5 7. O-O Nbd7 8. Be3
Ng4 9. Bg5 f6 10. Bc1 Nh6 11. Re1 Nf7 12. dxe5 dxe5 13. Qc2 c6 14. Be3 Qe7 15.
a3 Nc5 16. Rad1 Ne6 17. b4 Kh8 18. Bf1 a5 19. c5 Nf4 20. Nd2 Ng5 21. Nc4 axb4
22. axb4 Be6 23. Ra1 h5 24. Ne2 Nxe2+ 25. Bxe2 Nf7 26. Rad1 h4 27. h3 f5 28. f4
Qc7 29. Nxe5 Nxe5 30. fxe5 Ra2 31. Qc1 Bxe5 32. exf5 Bxf5 33. Bd4 Kh7 34. Bxe5
Qxe5 35. Qc4 Qe3+ 36. Kh1 Be4 37. Bf3 Qxf3 38. Qxe4 Qxe4 39. Rxe4 Kg7 40. Rxh4
Rf7 41. Rg4 Raf2 42. Kh2 R2f6 43. Kg3 Re7 44. Rd3 Rfe6 45. Kf3 Rf6+ 46. Rf4
Rfe6 47. Rfd4 Rf7+ 48. Kg3 Kh6 49. Rd7 Ref6 50. R3d4 Kg5 51. h4+ Kh5 52. Kh3
Kh6 53. g3 Rf1 54. Kg4 R1f2 55. R4d6 Kg7 56. Rxf7+ Rxf7 57. h5 gxh5+ 58. Kxh5
Rf5+ 59. Kg4 Rf7 60. Kg5 Kh7 61. g4 Kg7 62. Rg6+ Kh7 63. Rf6 Re7 64. Kf5 Kg7
65. g5 Kg8 66. Re6 Rd7 67. Rd6 Re7 68. Kf6 Re8 69. Rd7 Rb8 70. Ke7 Kg7 71. Rd8
1-0

[Event "Staffordshire Centenary"]
[Site "Walsall"]
[Date "1997.04.04"]
[Round "8"]
[White "Lalic, Bogdan"]
[Black "Grant, Jonathan"]
[Result "1-0"]
[WhiteElo "2585"]
[BlackElo "2275"]
[PlyCount "91"]
[EventDate "1997.03.28"]
[EventType "schev"]
[EventRounds "9"]
[EventCountry "ENG"]
[SourceTitle "BritBase"]
[Source "John Saunders"]
[SourceDate "2023.12.16"]
[SourceVersion "1"]
[SourceVersionDate "2023.12.16"]
[SourceQuality "1"]

1. e4 c6 2. c4 d5 3. cxd5 cxd5 4. exd5 Nf6 5. Qa4+ Nbd7 6. Nc3 a6 7. d4 g6 8.
g3 Bg7 9. Bg2 O-O 10. Nge2 Nb6 11. Qb3 Bg4 12. Nf4 Ne8 13. h3 Bf5 14. Be3 Nd6
15. O-O Nbc4 16. Rfe1 b5 17. g4 Bd7 18. Nd3 Nxe3 19. fxe3 f5 20. g5 Kh8 21. Ne2
Ne4 22. h4 a5 23. Nef4 Qb6 24. Ne5 Qd6 25. Nxd7 Qxd7 26. Rac1 Rfc8 27. Qd3 Nd6
28. Rc5 a4 29. Rec1 Nc4 30. Rxc8+ Rxc8 31. b3 axb3 32. axb3 Nd6 33. Rc5 Ra8 34.
Qc3 Rc8 35. Rc6 Kg8 36. Bf1 Rb8 37. Rc7 Qe8 38. Qc6 Qf7 39. Qd7 Bf8 40. Qc6 h6
41. Bd3 hxg5 42. hxg5 Qh7 43. Qd7 Ra8 44. Qe6+ Kg7 45. Qxd6 Ra1+ 46. Bf1 1-0

[Event "Staffordshire Centenary"]
[Site "Walsall"]
[Date "1997.04.04"]
[Round "8"]
[White "Motwani, Paul"]
[Black "Rowson, Jonathan"]
[Result "1/2-1/2"]
[WhiteElo "2490"]
[BlackElo "2445"]
[PlyCount "34"]
[EventDate "1997.03.28"]
[EventType "schev"]
[EventRounds "9"]
[EventCountry "ENG"]
[SourceTitle "BritBase"]
[Source "John Saunders"]
[SourceDate "2023.12.16"]
[SourceVersion "1"]
[SourceVersionDate "2023.12.16"]
[SourceQuality "1"]

1. e4 c6 2. d4 d5 3. Nd2 dxe4 4. Nxe4 Nd7 5. Ng5 Ngf6 6. Bd3 e6 7. N1f3 Bd6 8.
Qe2 h6 9. Ne4 Nxe4 10. Qxe4 Nf6 11. Qe2 Qc7 12. Bd2 b6 13. O-O-O Bb7 14. Ne5 c5
15. Bb5+ Ke7 16. dxc5 Qxc5 17. a3 a5 1/2-1/2

[Event "Staffordshire Centenary"]
[Site "Walsall"]
[Date "1997.04.04"]
[Round "8"]
[White "Quinn, Mark"]
[Black "Dunnington, Angus J"]
[Result "1/2-1/2"]
[WhiteElo "2355"]
[BlackElo "2445"]
[PlyCount "96"]
[EventDate "1997.03.28"]
[EventType "schev"]
[EventRounds "9"]
[EventCountry "ENG"]
[SourceTitle "BritBase"]
[Source "John Saunders"]
[SourceDate "2023.12.16"]
[SourceVersion "1"]
[SourceVersionDate "2023.12.16"]
[SourceQuality "1"]

1. d4 d6 2. c4 g6 3. Nc3 Bg7 4. Nf3 Bg4 5. g3 Qc8 6. Qd3 Nc6 7. Be3 Nh6 8. Bxh6
Bxh6 9. Bg2 O-O 10. O-O Bg7 11. e3 e5 12. d5 Nb4 13. Qd2 a5 14. Rac1 Na6 15.
Ne1 Nc5 16. b3 Bf5 17. e4 Bd7 18. Nd3 b6 19. Rb1 f5 20. f3 Qd8 21. a3 h5 22.
exf5 gxf5 23. b4 axb4 24. axb4 Nxd3 25. Qxd3 Ra3 26. Rbc1 Rb3 27. b5 h4 28. Qc2
Ra3 29. Ra1 Rxa1 30. Rxa1 hxg3 31. hxg3 Qg5 32. Qf2 e4 33. f4 Qh5 34. Ra3 Bxc3
35. Rxc3 Qd1+ 36. Bf1 Ra8 37. Qe2 Qd4+ 38. Qe3 Qd1 39. Rc1 Qg4 40. Be2 Qh3 41.
Bf1 Qg4 42. Be2 Qh3 43. Bf1 Qh5 44. Be2 Qh7 45. Qb3 Kf7 46. Bf1 Qh5 47. Qc3 Ra2
48. Rc2 Rxc2 1/2-1/2